000 00599cam a2200205ua 4500
001 1113
005 20260515113259.0
008 110428n ii |||gr||||Z||||||eng
020 _a81-7304-777-4
040 _cMAIN
082 _a320.95416
245 1 _aIndia`s North-Eastern region. :
_bInsurgency, economic developement and linages with south east Asia. /
_cBy Nishlal N Pandey.
250 _a1st.
260 _aNew Delhi.:
_biSAS,
_c2008.
300 _a117 p.:5 cm.
653 _aPolitical science.
653 _aIndia`s North Eastern region.
700 1 _aPandey, Nishchal N.,
942 _cBK
999 _c1028
_d1028